| 000 | 00999nam a22002415a 4500 | ||
|---|---|---|---|
| 003 | OSt | ||
| 005 | 20170305153551.0 | ||
| 008 | 170305s2015 ua frb 000 0 ara d | ||
| 015 | _a2015 / 21452 | ||
| 020 | _a9789770482427 | ||
| 040 |
_aEG-ScBUE _bara _cEG-ScBUE |
||
| 082 | 0 | 4 |
_a345.060285 _bط ح ط _222 |
| 100 | 1 | _aطحطاوي، أحمد يوسف. | |
| 245 | 1 | 2 |
_aالأدلة الإلكترونية ودورها في الإثبات الجنائي : _bدراسة مقارنة / _cأحمد يوسف الطحطاوي. |
| 260 |
_aالقاهرة : _bدار النهضة العربية، _c2015. |
||
| 300 |
_a[369] ص. ؛ _c24 سم. |
||
| 504 | _aيشتمل على إرجاعات ببليوجرافية. | ||
| 650 | 7 |
_aالإثبات الجنائى _xمعالجة بيانات _xقوانين وتشريعات. _2BUEsh |
|
| 650 | 7 |
_aالأدلة الجنائية _xمعالجة بيانات _xقوانين وتشريعات. _2BUEsh |
|
| 651 | _2BUEsh | ||
| 653 |
_bLLAAWW _cMarch2017 |
||
| 942 | _2ddc | ||
| 999 |
_c24331 _d24303 |
||